[Event "GER-ch U25 op-A"]
[Site "Willingen"]
[Date "2024.05.22"]
[Round "5"]
[White "Koehler, Lukas"]
[Black "Meiwes, Thore"]
[Result "1/2-1/2"]
[WhiteElo "2039"]
[BlackElo "2050"]
[PlyCount "114"]
[EventDate "2024.05.19"]
[EventType "swiss"]
[EventRounds "9"]
[EventCountry "GER"]
[SourceTitle "EXT 2025"]
[Source "ChessBase"]
[SourceDate "2024.10.14"]
[SourceVersion "1"]
[SourceVersionDate "2024.10.14"]
[SourceQuality "1"]

1. e4 c5 2. Nf3 Nc6 3. d4 cxd4 4. Nxd4 g6 5. c4 Nf6 6. Nc3 d6 7. Be2 Nxd4 8. Qxd4 Bg7 9. Be3 0-0 10. Qd2 Be6 11. 0-0 Qa5 12. Rab1 Rfc8 13. b3 a6 14. Rfc1 Rab8 15. f3 Qb4 16. a3 Qa5 17. a4 Qb4 18. Nd5 Nxd5 19. cxd5 Qxd2 20. Bxd2 Bd4+ 21. Kf1 Bd7 22. Rxc8+ Rxc8 23. Rc1 Rxc1+ 24. Bxc1 f5 25. Bd3 fxe4 26. fxe4 Kf7 27. h3 Kf6 28. Bf4 g5 29. Bh2 h5 30. Ke2 g4 31. hxg4 Bxg4+ 32. Kd2 Kg5 33. Bg3 h4 34. Bh2 Be5 35. Bg1 Bg3 36. Bc2 Bh5 37. Ke3 Bf4+ 38. Kd3 Bg4 39. Bf2 Be5 40. Be3+ Kf6 41. Bf2 Bg3 42. Bd4+ Kf7 43. Bb6 Bh5 44. Be3 e6 45. dxe6+ Kxe6 46. Bd4 Kd7 47. b4 b5 48. axb5 axb5 49. Kd2 Bf7 50. Bd1 Bc4 51. Bc3 Bf4+ 52. Ke1 Ke7 53. Kf2 Bg3+ 54. Kf3 d5 55. Bc2 Ke6 56. exd5+ Bxd5+ 57. Be4 Bb3 1/2-1/2

[Event "GER-ch U25 op-A"]
[Site "Willingen"]
[Date "2024.05.21"]
[Round "4"]
[White "Werner, Florin"]
[Black "Koehler, Lukas"]
[Result "0-1"]
[WhiteElo "1893"]
[BlackElo "2039"]
[PlyCount "86"]
[EventDate "2024.05.19"]
[EventType "swiss"]
[EventRounds "9"]
[EventCountry "GER"]
[SourceTitle "EXT 2025"]
[Source "ChessBase"]
[SourceDate "2024.10.14"]
[SourceVersion "1"]
[SourceVersionDate "2024.10.14"]
[SourceQuality "1"]

1. e4 e5 2. Nf3 Nc6 3. Bb5 g6 4. 0-0 Bg7 5. c3 a6 6. Ba4 d6 7. d4 Bd7 8. Re1 b5 9. Bb3 Nf6 10. h3 0-0 11. Nbd2 h6 12. Nf1 Re8 13. Ng3 Na5 14. Bc2 c5 15. d5 Rf8 16. Nh2 Ne8 17. Ng4 Kh7 18. f4 Qh4 19. Qf3 Bxg4 20. Qxg4 Qxg4 21. hxg4 exf4 22. Bxf4 Nc4 23. Bc1 b4 24. cxb4 cxb4 25. Rb1 Nf6 26. b3 Na3 27. Bxa3 bxa3 28. Bd1 Rac8 29. Bf3 Nd7 30. Rbd1 Rc2 31. Re2 Rfc8 32. Rdd2 Rb2 33. Kf2 Rc1 34. b4 Ra1 35. Rd3 Raxa2 36. Kf1 Ne5 37. Rde3 Nxf3 38. gxf3 Rxe2 39. Nxe2 Rxe2 40. Rxa3 Rb2 41. Rxa6 Be5 42. Ra7 Kg7 43. Rb7 h5 0-1

[Event "GER-ch U25-A"]
[Site "Willingen"]
[Date "2023.06.03"]
[Round "9"]
[White "Deschler, Arne"]
[Black "Koehler, Lukas"]
[Result "0-1"]
[WhiteElo "1767"]
[BlackElo "2078"]
[PlyCount "50"]
[EventDate "2023.05.27"]
[EventType "swiss"]
[EventRounds "9"]
[EventCountry "GER"]
[SourceTitle "CBM 214 Extra"]
[Source "ChessBase"]
[SourceDate "2023.07.31"]
[SourceVersion "1"]
[SourceVersionDate "2023.07.31"]
[SourceQuality "1"]

1. e4 c5 2. Nf3 d6 3. d4 cxd4 4. Nxd4 Nf6 5. Nc3 g6 6. f4 Nfd7 7. Be3 Bg7 8. Bc4 Nc6 9. 0-0 0-0 10. Qd2 Nb6 11. Nxc6 bxc6 12. Bb3 c5 13. Na4 Ba6 14. Nxb6 Qxb6 15. Rf2 Rab8 16. c3 Qa5 17. f5 Rxb3 18. fxg6 hxg6 19. Bh6 Rbb8 20. Rf3 Bc8 21. Raf1 Qxa2 22. Qg5 Rxb2 23. Rf4 Rxg2+ 24. Qxg2 Qxg2+ 25. Kxg2 Bxh6 0-1

[Event "GER-ch U25-A"]
[Site "Willingen"]
[Date "2023.05.30"]
[Round "4"]
[White "Koehler, Lukas"]
[Black "Nguyen, Phuc Nhat"]
[Result "1/2-1/2"]
[WhiteElo "2078"]
[BlackElo "1929"]
[PlyCount "63"]
[EventDate "2023.05.27"]
[EventType "swiss"]
[EventRounds "9"]
[EventCountry "GER"]
[SourceTitle "CBM 214 Extra"]
[Source "ChessBase"]
[SourceDate "2023.07.31"]
[SourceVersion "1"]
[SourceVersionDate "2023.07.31"]
[SourceQuality "1"]

1. d4 d5 2. Nc3 Nf6 3. Bf4 c6 4. e3 Bf5 5. f3 h6 6. g4 Bg6 7. Bd3 Bxd3 8. Qxd3 e6 9. h4 b5 10. 0-0-0 b4 11. Nce2 Qa5 12. Kb1 Na6 13. Nc1 0-0-0 14. Nge2 c5 15. Nb3 Qb6 16. dxc5 Nxc5 17. Nxc5 Bxc5 18. c3 Kb7 19. cxb4 Bxb4 20. Be5 Rc8 21. Bxf6 gxf6 22. e4 Rhd8 23. a3 Bc5 24. Nc3 dxe4 25. Qxe4+ Qc6 26. Rxd8 Rxd8 27. Kc2 Rd4 28. Qh7 Qxf3 29. Qxf7+ Kb8 30. Qe8+ Kb7 31. Qf7+ Kb8 32. Qe8+ 1/2-1/2

[Event "Mittelfranken Landesliga Nord 2122"]
[Site "Mittelfranken"]
[Date "2022.06.26"]
[Round "3.3"]
[White "Kraich, Klaus"]
[Black "Koehler, Lukas"]
[Result "0-1"]
[WhiteElo "2079"]
[BlackElo "2149"]
[PlyCount "66"]
[EventDate "2021.10.24"]
[EventType "team-tourn"]
[EventRounds "9"]
[EventCountry "GER"]
[SourceTitle "EXT 2024"]
[Source "ChessBase"]
[SourceDate "2023.10.10"]
[SourceVersion "1"]
[SourceVersionDate "2023.10.10"]
[SourceQuality "1"]
[WhiteTeam "Klingenberg"]
[BlackTeam "Bamberg"]
[WhiteTeamCountry "GER"]
[BlackTeamCountry "GER"]

1. d4 d5 2. Nf3 Nf6 3. g3 e6 4. Bg2 c5 5. 0-0 cxd4 6. Nxd4 e5 7. Nb3 a5 8. Bg5 a4 9. Nc1 Ra5 10. Nc3 Be6 11. e4 d4 12. Nd5 Nbd7 13. f4 h6 14. fxe5 hxg5 15. exf6 Nxf6 16. Nxf6+ gxf6 17. Nd3 Be7 18. b4 Ra7 19. a3 b6 20. Rf2 Kf8 21. Rd2 Bd6 22. Qf3 Kg7 23. Rf1 Qe7 24. Rdf2 Rc8 25. Qh5 Rh8 26. Qf3 Rc7 27. Ra1 Rhc8 28. Qd1 b5 29. Ne1 Be5 30. Bf1 d3 31. Bxd3 Bxa1 32. Qxa1 Bc4 33. e5 Qxe5 0-1

[Event "GER-ch Youth-A"]
[Site "Willingen"]
[Date "2022.06.08"]
[Round "5"]
[White "Brunner, Tobias"]
[Black "Koehler, Lukas"]
[Result "1/2-1/2"]
[WhiteElo "2007"]
[BlackElo "2099"]
[PlyCount "132"]
[EventDate "2022.06.04"]
[EventType "swiss"]
[EventRounds "9"]
[EventCountry "GER"]
[SourceTitle "CBM 208 Extra"]
[Source "ChessBase"]
[SourceDate "2022.07.31"]
[SourceVersion "1"]
[SourceVersionDate "2022.07.31"]
[SourceQuality "1"]

1. e4 e6 2. d4 d5 3. exd5 exd5 4. Bd3 Bd6 5. Nf3 Ne7 6. Be3 Nbc6 7. c3 Bg4 8. Nbd2 Qd7 9. Qc2 Bf5 10. 0-0-0 0-0 11. Rdg1 Bxd3 12. Qxd3 Qf5 13. Qe2 Rab8 14. g4 Qd7 15. h4 f6 16. c4 Bb4 17. Kb1 dxc4 18. Qxc4+ Qd5 19. a3 Bxd2 20. Nxd2 Qxc4 21. Nxc4 Nd5 22. Rd1 Rfe8 23. Rd3 Kf7 24. Rc1 Re4 25. f3 Re6 26. Bf2 Ke8 27. Bg3 Kd7 28. Nd2 b6 29. Ne4 a5 30. Nc3 Nce7 31. Ne4 Rc8 32. Rd2 h6 33. Rdc2 Rc6 34. Nc3 Nxc3+ 35. bxc3 Rc4 36. Kb2 a4 37. Re1 Nd5 38. Re4 Ra8 39. g5 hxg5 40. hxg5 Ra5 41. Be1 Rb5+ 42. Ka2 Rb3 43. Rh4 Nxc3+ 44. Bxc3 Rcxc3 45. Rxc3 Rxc3 46. Rh7 fxg5 47. Rxg7+ Kd6 48. Rg6+ Ke7 49. Rxg5 Rxf3 50. Rb5 Rf2+ 51. Kb1 Kd6 52. Rb4 Kd5 53. Rxa4 Rd2 54. Ra7 Kc6 55. Ra4 Kd5 56. Ra7 c6 57. Rd7+ Kc4 58. Rd6 Kb5 59. a4+ Kxa4 60. Rxc6 b5 61. Rc2 Rxd4 62. Kb2 Rb4+ 63. Ka2 Rh4 64. Kb2 Kb4 65. Rg2 Kc4 66. Rf2 b4 1/2-1/2

[Event "GER-ch Youth-A"]
[Site "Willingen"]
[Date "2022.06.07"]
[Round "4"]
[White "Koehler, Lukas"]
[Black "Nied, Pascal"]
[Result "1/2-1/2"]
[WhiteElo "2099"]
[BlackElo "2030"]
[PlyCount "104"]
[EventDate "2022.06.04"]
[EventType "swiss"]
[EventRounds "9"]
[EventCountry "GER"]
[SourceTitle "CBM 208 Extra"]
[Source "ChessBase"]
[SourceDate "2022.07.31"]
[SourceVersion "1"]
[SourceVersionDate "2022.07.31"]
[SourceQuality "1"]

1. Nf3 Nf6 2. b3 d5 3. Bb2 e6 4. e3 Bd6 5. c4 0-0 6. Nc3 c6 7. d4 Nbd7 8. Qc2 Re8 9. Be2 b6 10. 0-0 Bb7 11. e4 dxe4 12. Nxe4 Nxe4 13. Qxe4 Nf6 14. Qh4 c5 15. dxc5 Bxc5 16. Rad1 Qe7 17. Ne5 Rad8 18. Nd3 Ne4 19. Qxe7 Bxe7 20. f3 Nd6 21. g4 f6 22. Ba3 Kf7 23. Rfe1 Bf8 24. Rc1 a5 25. Kf2 Ne4+ 26. fxe4 Bxa3 27. Rcd1 Bxe4 28. Ke3 Bb7 29. Bf3 Bxf3 30. Kxf3 Rd4 31. Nf4 Bc5 32. Rxd4 Bxd4 33. Rd1 e5 34. Nd5 Bc5 35. Ke4 Rd8 36. h4 h6 37. h5 Rd6 38. Kf5 Bd4 39. Nc3 Bc5 40. Rd5 Bb4 41. Rxd6 Bxd6 42. Ne4 Bb4 43. Nf2 Bd2 44. Ne4 Be3 45. Nc3 Bd4 46. Ne4 Bc5 47. Nc3 Be3 48. Ne4 Ke7 49. a4 Kd7 50. Nc3 Kc6 51. Ne4 Kd7 52. Nc3 Kc6 1/2-1/2

[Event "GER-ch Youth-A"]
[Site "Willingen"]
[Date "2022.06.06"]
[Round "3"]
[White "Panjer, Sidney"]
[Black "Koehler, Lukas"]
[Result "1-0"]
[WhiteElo "2043"]
[BlackElo "2099"]
[PlyCount "91"]
[EventDate "2022.06.04"]
[EventType "swiss"]
[EventRounds "9"]
[EventCountry "GER"]
[SourceTitle "CBM 208 Extra"]
[Source "ChessBase"]
[SourceDate "2022.07.31"]
[SourceVersion "1"]
[SourceVersionDate "2022.07.31"]
[SourceQuality "1"]

1. Nf3 Nf6 2. c4 g6 3. Nc3 Bg7 4. e4 d6 5. d4 0-0 6. Be2 e5 7. dxe5 dxe5 8. Qxd8 Rxd8 9. Bg5 Re8 10. Nd5 Nxd5 11. cxd5 c6 12. Bc4 cxd5 13. Bxd5 Nc6 14. 0-0-0 h6 15. Be3 Bf8 16. Kb1 Kg7 17. Rc1 Bd7 18. Nd2 Rac8 19. Rhd1 Bb4 20. a3 Bxd2 21. Rxd2 f5 22. f3 a6 23. Bb3 Re7 24. Bc5 Nd4 25. Bd5 Ree8 26. Bxd4 Rxc1+ 27. Kxc1 exd4 28. Bxb7 fxe4 29. Rxd4 Bb5 30. Bxe4 Re6 31. Kd2 Kf6 32. Bd3 Bxd3 33. Rxd3 Rb6 34. b4 a5 35. bxa5 Rb5 36. Kc3 Rxa5 37. Kb4 Ra8 38. a4 Rb8+ 39. Ka3 Ke5 40. a5 Rb1 41. Ka2 Rb7 42. a6 Ra7 43. Ra3 Kd4 44. Kb2 g5 45. Kc2 h5 46. Kd2 1-0

[Event "Mittelfranken Landesliga Nord 2122"]
[Site "Mittelfranken"]
[Date "2022.05.29"]
[Round "9.3"]
[White "Mueller, Johannes2"]
[Black "Koehler, Lukas"]
[Result "0-1"]
[WhiteElo "1987"]
[BlackElo "2149"]
[PlyCount "72"]
[EventDate "2021.10.24"]
[EventType "team-tourn"]
[EventRounds "9"]
[EventCountry "GER"]
[SourceTitle "EXT 2024"]
[Source "ChessBase"]
[SourceDate "2023.10.10"]
[SourceVersion "1"]
[SourceVersionDate "2023.10.10"]
[SourceQuality "1"]
[WhiteTeam "Kelheim"]
[BlackTeam "Bamberg"]
[WhiteTeamCountry "GER"]
[BlackTeamCountry "GER"]

1. d4 Nf6 2. c4 g6 3. Nc3 Bg7 4. e4 d6 5. Be2 0-0 6. Nf3 e5 7. 0-0 Nc6 8. d5 Ne7 9. Ne1 Ne8 10. Be3 f5 11. f3 f4 12. Bf2 g5 13. c5 Rf7 14. cxd6 cxd6 15. Rc1 h5 16. Nb5 a6 17. Nc7 Nxc7 18. Bb6 Ng6 19. Qc2 g4 20. Bxc7 Qf6 21. Bb6 Bd7 22. Qd2 g3 23. h3 Qh4 24. Bd3 Rc8 25. Rxc8+ Bxc8 26. Nc2 Bxh3 27. gxh3 Qxh3 28. Qg2 Qd7 29. Qh1 Bf6 30. Rc1 Nh4 31. Bf1 Bd8 32. Bxd8 Qxd8 33. Qh3 Nxf3+ 34. Kg2 Qb6 35. Bd3 Qf2+ 36. Kh1 Qd2 0-1

[Event "Mittelfranken Landesliga Nord 2122"]
[Site "Mittelfranken"]
[Date "2022.05.15"]
[Round "5.2"]
[White "Koehler, Lukas"]
[Black "Duerr, Florian"]
[Result "1/2-1/2"]
[WhiteElo "2149"]
[BlackElo "2228"]
[PlyCount "21"]
[EventDate "2021.10.24"]
[EventType "team-tourn"]
[EventRounds "9"]
[EventCountry "GER"]
[SourceTitle "EXT 2024"]
[Source "ChessBase"]
[SourceDate "2023.10.10"]
[SourceVersion "1"]
[SourceVersionDate "2023.10.10"]
[SourceQuality "1"]
[WhiteTeam "Bamberg"]
[BlackTeam "Erlangen II"]
[WhiteTeamCountry "GER"]
[BlackTeamCountry "GER"]

1. d4 Nf6 2. c4 g6 3. Nc3 d5 4. Nf3 Bg7 5. h4 dxc4 6. e4 c5 7. d5 e6 8. d6 b5 9. h5 Rg8 10. h6 Bh8 11. Ng5 1/2-1/2

[Event "Mittelfranken Landesliga Nord 2122"]
[Site "Mittelfranken"]
[Date "2022.04.03"]
[Round "7.3"]
[White "Votruba, Pavel"]
[Black "Koehler, Lukas"]
[Result "1/2-1/2"]
[WhiteElo "2203"]
[BlackElo "2149"]
[PlyCount "39"]
[EventDate "2021.10.24"]
[EventType "team-tourn"]
[EventRounds "9"]
[EventCountry "GER"]
[SourceTitle "EXT 2024"]
[Source "ChessBase"]
[SourceDate "2023.10.10"]
[SourceVersion "1"]
[SourceVersionDate "2023.10.10"]
[SourceQuality "1"]
[WhiteTeam "Schwandorf"]
[BlackTeam "Bamberg"]
[WhiteTeamCountry "GER"]
[BlackTeamCountry "GER"]

1. Nf3 Nf6 2. c4 g6 3. b3 Bg7 4. Bb2 0-0 5. g3 b6 6. Bg2 Bb7 7. 0-0 d6 8. d4 Nbd7 9. Nbd2 Ne4 10. Qc2 Nxd2 11. Qxd2 Qe8 12. Rfe1 Rb8 13. Rad1 e5 14. dxe5 Nxe5 15. Nxe5 Bxe5 16. Bxb7 Rxb7 17. Bxe5 Qxe5 18. Qd5 Qxd5 19. cxd5 Rc8 20. Rd2 1/2-1/2

[Event "Mittelfranken Landesliga Nord 2122"]
[Site "Mittelfranken"]
[Date "2022.03.20"]
[Round "4.3"]
[White "Koehler, Lukas"]
[Black "Krauss, Josef"]
[Result "1-0"]
[WhiteElo "2149"]
[BlackElo "2064"]
[PlyCount "93"]
[EventDate "2021.10.24"]
[EventType "team-tourn"]
[EventRounds "9"]
[EventCountry "GER"]
[SourceTitle "EXT 2024"]
[Source "ChessBase"]
[SourceDate "2023.10.10"]
[SourceVersion "1"]
[SourceVersionDate "2023.10.10"]
[SourceQuality "1"]
[WhiteTeam "Bamberg"]
[BlackTeam "Schweinfurt"]
[WhiteTeamCountry "GER"]
[BlackTeamCountry "GER"]

1. d4 d5 2. c4 c6 3. Nc3 Nf6 4. cxd5 cxd5 5. Bf4 Nc6 6. e3 a6 7. Be2 e6 8. Rc1 Bd6 9. Bxd6 Qxd6 10. f4 0-0 11. Bd3 b5 12. Nf3 Bb7 13. 0-0 Nd7 14. Ne5 f5 15. g4 g6 16. Nxd7 Qxd7 17. g5 h6 18. h4 h5 19. Ne2 Rfc8 20. Qd2 Nd8 21. Rxc8 Rxc8 22. Nc1 Bc6 23. Nb3 Nb7 24. Rc1 Qe7 25. Nc5 Nxc5 26. Rxc5 Bd7 27. Qa5 Kf7 28. b4 Ra8 29. Qb6 Qe8 30. Kf2 Qb8 31. Qxb8 Rxb8 32. Rc7 Ke8 33. Ra7 Rb6 34. Ra8+ Ke7 35. Ke2 Bc6 36. Rc8 Bd7 37. Ra8 Bc6 38. Rc8 Bd7 39. Rg8 Be8 40. Rh8 Rc6 41. Kd2 Rc7 42. Be2 Kd8 43. Rh6 a5 44. Rh8 Ke7 45. Rh7+ Bf7 46. Bxh5 gxh5 47. g6 1-0

[Event "Mittelfranken Landesliga Nord 2122"]
[Site "Mittelfranken"]
[Date "2022.03.13"]
[Round "6.3"]
[White "Koehler, Lukas"]
[Black "Roth, Norbert"]
[Result "0-1"]
[WhiteElo "2149"]
[BlackElo "2183"]
[PlyCount "124"]
[EventDate "2021.10.24"]
[EventType "team-tourn"]
[EventRounds "9"]
[EventCountry "GER"]
[SourceTitle "EXT 2024"]
[Source "ChessBase"]
[SourceDate "2023.10.10"]
[SourceVersion "1"]
[SourceVersionDate "2023.10.10"]
[SourceQuality "1"]
[WhiteTeam "Bamberg"]
[BlackTeam "Nuernberg NT II"]
[WhiteTeamCountry "GER"]
[BlackTeamCountry "GER"]

1. d4 d6 2. c4 e5 3. Nf3 Nd7 4. Nc3 Ngf6 5. e4 g6 6. Be2 Bg7 7. 0-0 0-0 8. Qc2 c6 9. Rd1 Qc7 10. b3 Re8 11. Bb2 Nh5 12. g3 Nf8 13. d5 c5 14. Nh4 Nf6 15. a3 N8d7 16. Bc1 Rf8 17. Bg5 h6 18. Be3 Ne8 19. Bd3 Qd8 20. b4 b6 21. b5 Ndf6 22. Ra2 Ng4 23. Bc1 h5 24. f3 Nh6 25. Be3 Kh7 26. Kh1 Bf6 27. Qc1 Ng8 28. Ng2 Bg7 29. Nh4 Bh3 30. Bf1 Bd7 31. a4 a5 32. Rf2 Bf6 33. Ng2 Ng7 34. Bd3 h4 35. Nxh4 Bxh4 36. gxh4 Qxh4 37. Bg5 Qxf2 38. Rf1 Qxf1+ 39. Qxf1 Nh5 40. Ne2 f6 41. Bd2 Kg7 42. Qg2 Ne7 43. f4 Rh8 44. fxe5 dxe5 45. Nc3 Nc8 46. Be2 Nd6 47. Bg4 Rad8 48. Bxd7 Rxd7 49. Qg4 Re7 50. Bc1 Kf7 51. Qf3 Ke8 52. Qg4 Rg8 53. Kg2 Kd8 54. Kf1 Kc7 55. Ke2 Rh8 56. Kd3 g5 57. Kc2 Nf4 58. Bxf4 exf4 59. Qg2 Reh7 60. Kb3 Rxh2 61. Qg4 Re8 62. Qg1 Rh3 0-1

[Event "Mittelfranken Landesliga Nord 2122"]
[Site "Mittelfranken"]
[Date "2021.11.14"]
[Round "2.2"]
[White "Rupp, Markus"]
[Black "Koehler, Lukas"]
[Result "0-1"]
[WhiteElo "2145"]
[BlackElo "2149"]
[PlyCount "82"]
[EventDate "2021.10.24"]
[EventType "team-tourn"]
[EventRounds "9"]
[EventCountry "GER"]
[SourceTitle "EXT 2024"]
[Source "ChessBase"]
[SourceDate "2023.10.10"]
[SourceVersion "1"]
[SourceVersionDate "2023.10.10"]
[SourceQuality "1"]
[WhiteTeam "Wuerzburg"]
[BlackTeam "Bamberg SC"]
[WhiteTeamCountry "GER"]
[BlackTeamCountry "GER"]

1. d4 Nf6 2. c4 g6 3. Nc3 Bg7 4. e4 d6 5. f3 0-0 6. Be3 a6 7. Qd2 Nbd7 8. Nh3 c5 9. d5 b5 10. cxb5 axb5 11. Bxb5 Ne5 12. Nf2 Ba6 13. Bxa6 Rxa6 14. Qe2 Qa5 15. 0-0 Rb8 16. Rab1 Ne8 17. Bg5 Kf8 18. f4 Nd7 19. Qg4 Nef6 20. Bxf6 Nxf6 21. Qh3 Kg8 22. e5 Ne8 23. e6 f5 24. g4 Rab6 25. Nfd1 fxg4 26. Qxg4 Bxc3 27. Nxc3 Rxb2 28. Rbc1 Qb4 29. Qf3 Nf6 30. Kh1 Qd4 31. Rcd1 Rd2 32. Rxd2 Qxd2 33. Rf2 Qd4 34. h3 Kg7 35. Rg2 Ra8 36. f5 Ra3 37. fxg6 Qxc3 38. gxh7+ Kh8 39. Rg8+ Kxh7 40. Qf5+ Kxg8 41. Qg6+ Kh8 0-1

[Event "Bayern-ch 92th"]
[Site "Lichtenfels"]
[Date "2021.08.27"]
[Round "8"]
[White "Heimrath, Reiner"]
[Black "Koehler, Lukas"]
[Result "0-1"]
[WhiteElo "2170"]
[BlackElo "2102"]
[PlyCount "88"]
[EventDate "2021.08.22"]
[EventType "swiss"]
[EventRounds "9"]
[EventCountry "GER"]
[SourceTitle "EXT 2023"]
[Source "ChessBase"]
[SourceDate "2022.10.05"]
[SourceVersion "1"]
[SourceVersionDate "2022.10.05"]
[SourceQuality "1"]

1. e4 e5 2. d4 exd4 3. Bc4 Nc6 4. Nf3 Nf6 5. 0-0 Nxe4 6. Re1 d5 7. Nc3 dxc4 8. Rxe4+ Be6 9. Nxd4 Nxd4 10. Rxd4 Bd6 11. Ne4 0-0 12. Bg5 f6 13. Be3 Qe7 14. Nxd6 cxd6 15. Re4 Qd7 16. Qd2 d5 17. Rd4 a5 18. Re1 Rfe8 19. h4 b5 20. Rf4 Bf7 21. Rd1 Qc6 22. f3 b4 23. Qf2 Re6 24. Bd4 Rae8 25. Qg3 Qd6 26. Kh2 Kh8 27. c3 Re2 28. cxb4 axb4 29. a3 bxa3 30. bxa3 Rc2 31. Kh1 Ree2 32. Rg1 h5 33. a4 Ra2 34. Rg4 Qxg3 35. Rxg3 Rxa4 36. Rb1 Re7 37. Bc5 Rd7 38. Bf8 Be6 39. Rb6 Bf5 40. Rb5 c3 41. Rc5 Rc4 42. f4 Rxc5 43. Bxc5 d4 44. Bb4 Rc7 0-1

[Event "GER-chT Christmas U20"]
[Site "Playchess.com INT"]
[Date "2020.12.29"]
[Round "1.2"]
[White "Foerster, Fabio"]
[Black "Koehler, Lukas"]
[Result "1/2-1/2"]
[WhiteElo "1602"]
[BlackElo "2127"]
[PlyCount "63"]
[EventDate "2020.12.29"]
[EventType "team-swiss (blitz)"]
[EventRounds "7"]
[EventCountry "GER"]
[SourceTitle "CBM 200 Extra"]
[Source "ChessBase"]
[SourceDate "2021.03.31"]
[SourceVersion "1"]
[SourceVersionDate "2021.03.31"]
[SourceQuality "1"]
[WhiteTeam "Ersingen"]
[BlackTeam "Bamberg"]
[WhiteTeamCountry "GER"]
[BlackTeamCountry "GER"]

1. c4 c5 2. Nc3 Nc6 3. g3 g6 4. Bg2 Bg7 5. e4 e6 6. d3 Nge7 7. Nge2 0-0 8. 0-0 d6 9. f4 Nd4 10. Nxd4 Bxd4+ 11. Kh1 Bd7 12. Ne2 Bg7 13. Rb1 Rb8 14. Be3 Nc6 15. a3 b5 16. cxb5 Rxb5 17. Nc3 Rb8 18. Qd2 Nd4 19. Bxd4 Bxd4 20. h3 Qa5 21. g4 Rb3 22. f5 Bxc3 23. bxc3 Qxc3 24. Qh6 Rxb1 25. Rxb1 Qg7 26. Qf4 Qe5 27. Qg5 exf5 28. gxf5 f6 29. Qh6 g5 30. Rb7 Rd8 31. Bf3 Qd5 32. exd5 1/2-1/2

[Event "GER-chT Christmas U20"]
[Site "Playchess.com INT"]
[Date "2020.12.29"]
[Round "6.2"]
[White "Koehler, Lukas"]
[Black "Wachinger, Nikolas"]
[Result "1-0"]
[WhiteElo "2127"]
[BlackElo "2369"]
[PlyCount "159"]
[EventDate "2020.12.29"]
[EventType "team-swiss (blitz)"]
[EventRounds "7"]
[EventCountry "GER"]
[SourceTitle "CBM 200 Extra"]
[Source "ChessBase"]
[SourceDate "2021.03.31"]
[SourceVersion "1"]
[SourceVersionDate "2021.03.31"]
[SourceQuality "1"]
[WhiteTeam "Bamberg"]
[BlackTeam "Werder Bremen"]
[WhiteTeamCountry "GER"]
[BlackTeamCountry "GER"]

1. e4 c5 2. a3 Nc6 3. b4 Nf6 4. b5 Nd4 5. c3 Ne6 6. e5 Nd5 7. Nf3 d6 8. exd6 Qxd6 9. g3 g6 10. Bg2 Bg7 11. 0-0 0-0 12. a4 a6 13. Na3 Bd7 14. Bb2 axb5 15. Nxb5 Bxb5 16. axb5 Nb6 17. Qe2 Rxa1 18. Rxa1 Ra8 19. Rxa8+ Nxa8 20. d4 Nac7 21. h4 Qb6 22. Bf1 Kf8 23. Ne5 Bxe5 24. Qxe5 f6 25. Qe2 cxd4 26. cxd4 Nxd4 27. Qe3 e5 28. Qh6+ Kg8 29. Bc4+ Nde6 30. Ba3 Kh8 31. h5 Qd4 32. hxg6 Qd7 33. b6 Qg7 34. bxc7 Nxc7 35. Qxh7+ Qxh7 36. gxh7 Kxh7 37. f4 exf4 38. gxf4 Kg6 39. Kf2 b5 40. Bb3 f5 41. Ke3 Ne8 42. Kd4 Nf6 43. Bc2 Ng4 44. Bd3 Nh2 45. Bxb5 Nf3+ 46. Ke3 Nh4 47. Bd3 Ng2+ 48. Kf3 Ne1+ 49. Ke2 Ng2 50. Bc1 Kf6 51. Kf3 Ne1+ 52. Ke2 Ng2 53. Be3 Nh4 54. Kf2 Ng6 55. Kg3 Ne7 56. Bd4+ Kg6 57. Bc4 Nc6 58. Bc3 Ne7 59. Kf3 Nc6 60. Ke3 Kh5 61. Be5 Kg6 62. Bd5 Nb4 63. Bb3 Nc6 64. Kd3 Nb4+ 65. Kc4 Nc6 66. Kd5 Nb4+ 67. Ke6 Nd3 68. Bc2 Nc5+ 69. Kd5 Nd7 70. Kd6 Nb6 71. Bb3 Nc8+ 72. Kd7 Nb6+ 73. Kc6 Nc8 74. Bd6 Kf6 75. Bc5 Kg6 76. Kc7 Kh5 77. Kxc8 Kg4 78. Bd6 Kf3 79. Be5 Ke4 80. Kd7 1-0

[Event "Landesliga Nord 1920"]
[Site "Bayern"]
[Date "2020.03.01"]
[Round "7.2"]
[White "Goehring, Karl Heinz"]
[Black "Koehler, Lukas"]
[Result "1/2-1/2"]
[WhiteElo "2121"]
[BlackElo "2088"]
[PlyCount "39"]
[EventDate "2019.09.29"]
[EventType "team-tourn"]
[EventRounds "9"]
[EventCountry "GER"]
[SourceTitle "EXT 2021"]
[Source "ChessBase"]
[SourceDate "2020.10.23"]
[SourceVersion "1"]
[SourceVersionDate "2020.10.23"]
[SourceQuality "1"]
[WhiteTeam "Schweinfurt"]
[BlackTeam "Bamberg SC"]
[WhiteTeamCountry "GER"]
[BlackTeamCountry "GER"]

1. d4 d5 2. c4 e6 3. Nc3 Be7 4. Nf3 Nf6 5. Bg5 Nbd7 6. e3 0-0 7. Rc1 c6 8. Bd3 h6 9. Bh4 dxc4 10. Bxc4 b5 11. Bd3 a6 12. 0-0 c5 13. dxc5 Nxc5 14. Bc2 Bb7 15. Qe2 Nd5 16. Nxd5 Bxd5 17. Bxe7 Qxe7 18. Bb1 Rac8 19. Nd2 Rfd8 20. e4 1/2-1/2

[Event "Landesliga Nord 1920"]
[Site "Bayern"]
[Date "2020.01.19"]
[Round "5.4"]
[White "Koehler, Lukas"]
[Black "Lautner, Juergen"]
[Result "1-0"]
[WhiteElo "2088"]
[BlackElo "2005"]
[PlyCount "69"]
[EventDate "2019.09.29"]
[EventType "team-tourn"]
[EventRounds "9"]
[EventCountry "GER"]
[SourceTitle "EXT 2021"]
[Source "ChessBase"]
[SourceDate "2020.10.23"]
[SourceVersion "1"]
[SourceVersionDate "2020.10.23"]
[SourceQuality "1"]
[WhiteTeam "Bamberg SC"]
[BlackTeam "Schwandorf"]
[WhiteTeamCountry "GER"]
[BlackTeamCountry "GER"]

1. e4 g6 2. Nc3 Bg7 3. f4 c5 4. Nf3 Nc6 5. Bb5 Nd4 6. 0-0 e6 7. Kh1 Ne7 8. Nxd4 cxd4 9. Ne2 0-0 10. c3 a6 11. Ba4 d3 12. Ng3 h5 13. f5 h4 14. Nh5 exf5 15. Nxg7 Kxg7 16. exf5 Nxf5 17. Qf3 Qc7 18. Qxd3 h3 19. g4 Qd6 20. Qxd6 Nxd6 21. Bd1 b5 22. Bf3 Bb7 23. d4 Bxf3+ 24. Rxf3 Rfc8 25. Bf4 Ne4 26. g5 d6 27. Kg1 Rh8 28. Re1 Rae8 29. Rfe3 f5 30. gxf6+ Nxf6 31. Bxd6 Rxe3 32. Rxe3 Rh5 33. Be5 Rf5 34. Rxh3 Kf7 35. Kg2 1-0

[Event "Erfurt op-A 29th"]
[Site "Erfurt"]
[Date "2019.12.30"]
[Round "8"]
[White "Koehler, Lukas"]
[Black "Kaiser, Dieter"]
[Result "0-1"]
[WhiteElo "2071"]
[BlackElo "2228"]
[PlyCount "50"]
[EventDate "2019.12.26"]
[EventType "swiss"]
[EventRounds "8"]
[EventCountry "GER"]
[SourceTitle "CBM 194 Extra"]
[Source "ChessBase"]
[SourceDate "2020.03.31"]
[SourceVersion "1"]
[SourceVersionDate "2020.03.31"]
[SourceQuality "1"]

1. e4 c5 2. Nf3 e6 3. d4 cxd4 4. Nxd4 Nf6 5. Nc3 d6 6. Bg5 Be7 7. Qd2 a6 8. 0-0-0 0-0 9. f3 Qc7 10. Kb1 b5 11. a3 Rd8 12. g4 Nc6 13. Nxc6 Qxc6 14. Rg1 Rd7 15. Bd3 Rb8 16. f4 b4 17. axb4 Rxb4 18. e5 dxe5 19. fxe5 Nd5 20. Na2 Rdb7 21. b3 Bf8 22. Qc1 Nc3+ 23. Ka1 Ra4 24. bxa4 Qxa4 25. Bc4 Qxc4 0-1